[Event "San Jose Chess sin Fronteras"]
[Site "San Jose"]
[Date "2025.02.16"]
[Round "5"]
[White "Liu, Patrick"]
[Black "Guo, Andrew"]
[Result "1/2-1/2"]
[WhiteElo "2159"]
[BlackElo "2226"]
[PlyCount "71"]
[EventDate "2025.02.14"]
[EventType "tourn"]
[EventRounds "9"]
[EventCountry "USA"]
[EventCategory "2"]
[SourceTitle "CB09_2025"]
[SourceDate "2025.02.27"]
[SourceVersion "1"]
[SourceVersionDate "2025.02.27"]
[SourceQuality "1"]

1. e4 c5 2. Nf3 Nc6 3. Bb5 Nf6 4. Bxc6 dxc6 5. d3 Qc7 6. h3 g6 7. 0-0 Bg7 8. Nc3 0-0 9. Be3 b6 10. Qd2 Re8 11. Bh6 Bh8 12. Ng5 Ba6 13. Qe2 e5 14. b3 Rad8 15. Rae1 Nh5 16. Qe3 Bc8 17. Ne2 f6 18. Nf3 Ng7 19. Qc1 Ne6 20. Nh2 f5 21. exf5 gxf5 22. f4 exf4 23. Nxf4 Nd4 24. Bg5 Rxe1 25. Rxe1 Rf8 26. Re7 Qd6 27. Qe1 Rf7 28. Re8+ Rf8 29. Re7 Rf7 30. Re8+ Rf8 31. Re7 Rf7 32. c3 Rf8 33. Re8 Ne6 34. Rxe6 Rf7 35. Re7 Rf8 36. Re8 1/2-1/2

[Event "San Jose Dual Schev"]
[Site "San Jose"]
[Date "2024.08.03"]
[Round "2.3"]
[White "Guo, Andrew"]
[Black "Arenas Vanegas, David"]
[Result "1/2-1/2"]
[WhiteElo "2207"]
[BlackElo "2339"]
[PlyCount "54"]
[EventDate "2024.08.02"]
[EventType "schev"]
[EventRounds "5"]
[EventCountry "USA"]
[SourceTitle "CBM 221 Extra"]
[Source "ChessBase"]
[SourceDate "2024.09.30"]
[SourceVersion "1"]
[SourceVersionDate "2024.09.30"]
[SourceQuality "1"]

1. d4 Nf6 2. c4 e6 3. g3 d5 4. Bg2 Bb4+ 5. Bd2 Be7 6. Nf3 0-0 7. 0-0 c6 8. Qc2 Nbd7 9. Rd1 a5 10. Bf4 h6 11. Ne5 Nh5 12. Nxd7 Bxd7 13. Bc1 b5 14. b3 f5 15. Ba3 b4 16. Bb2 a4 17. a3 bxa3 18. Bxa3 axb3 19. Qxb3 c5 20. Nc3 Rb8 21. Qc2 cxd4 22. Rxd4 Bxa3 23. Rxa3 dxc4 24. Ra7 Nf6 25. Rxc4 Qb6 26. Rcc7 Rf7 27. Rab7 Rxb7 1/2-1/2

[Event "Las Vegas 1000 GM June IM-C"]
[Site "Las Vegas"]
[Date "2024.06.14"]
[Round "9"]
[White "Guo, Andrew"]
[Black "Guo, Ethan"]
[Result "1/2-1/2"]
[WhiteElo "2230"]
[BlackElo "2136"]
[PlyCount "59"]
[EventDate "2024.06.10"]
[EventType "tourn"]
[EventRounds "9"]
[EventCountry "USA"]
[EventCategory "2"]
[SourceTitle "CBM 220 Extra"]
[Source "ChessBase"]
[SourceDate "2024.07.31"]
[SourceVersion "1"]
[SourceVersionDate "2024.07.31"]
[SourceQuality "1"]

1. d4 Nf6 2. c4 g6 3. g3 c6 4. Bg2 d5 5. Qa4 Be6 6. cxd5 Bxd5 7. Nf3 Bg7 8. Nc3 0-0 9. 0-0 Ne4 10. Nxd5 cxd5 11. Qb3 b6 12. Ne5 e6 13. Bf4 f6 14. Nf3 Nc6 15. Qa4 Qd7 16. Rac1 Rfc8 17. Rc2 a6 18. Rfc1 b5 19. Qb3 g5 20. Be3 Na5 21. Qd3 Nc4 22. b3 Nxe3 23. Qxe3 Rxc2 24. Rxc2 Rc8 25. Qc1 Rxc2 26. Qxc2 b4 27. Ne1 Nc3 28. Nd3 Bf8 29. Bh3 f5 30. a3 1/2-1/2

[Event "Las Vegas 1000 GM June IM-C"]
[Site "Las Vegas"]
[Date "2024.06.13"]
[Round "6"]
[White "Atwell, Rose"]
[Black "Guo, Andrew"]
[Result "1-0"]
[WhiteElo "2274"]
[BlackElo "2230"]
[PlyCount "105"]
[EventDate "2024.06.10"]
[EventType "tourn"]
[EventRounds "9"]
[EventCountry "USA"]
[EventCategory "2"]
[SourceTitle "CBM 220 Extra"]
[Source "ChessBase"]
[SourceDate "2024.07.31"]
[SourceVersion "1"]
[SourceVersionDate "2024.07.31"]
[SourceQuality "1"]

1. e4 c5 2. Nf3 Nc6 3. Bb5 g6 4. 0-0 Bg7 5. Re1 Nf6 6. c3 0-0 7. h3 e5 8. d4 cxd4 9. cxd4 d5 10. dxe5 Nxe4 11. Nc3 Be6 12. Bxc6 bxc6 13. Be3 Nxc3 14. bxc3 Qa5 15. Qd4 Rfb8 16. Ng5 Bf5 17. Qh4 h6 18. Nf3 g5 19. Qd4 Rb2 20. Qc5 Qxc5 21. Bxc5 Be4 22. Nd4 Bxe5 23. f3 Bxd4+ 24. Bxd4 Bf5 25. Re7 a5 26. Re5 Be6 27. h4 gxh4 28. Rh5 Kh7 29. Be3 Rg8 30. Rxh6+ Kg7 31. Rxh4 Kf8 32. Bf2 Ke7 33. Ra4 Rb5 34. Re1 Kd6 35. Re2 c5 36. Rh4 Rb1+ 37. Kh2 c4 38. Rh6 Kd7 39. g4 Rgb8 40. Kg3 R8b2 41. Rxb2 Rxb2 42. a4 d4 43. Bxd4 Ra2 44. f4 Rxa4 45. f5 Bd5 46. Kf4 Ra1 47. Rf6 Re1 48. Ra6 Ra1 49. Ke5 Bf3 50. g5 a4 51. Ra7+ Ke8 52. Kd6 a3 53. Rc7 1-0

[Event "Las Vegas 1000 GM June IM-C"]
[Site "Las Vegas"]
[Date "2024.06.12"]
[Round "4"]
[White "Guo, Andrew"]
[Black "Ganesan, Vikrant"]
[Result "1-0"]
[WhiteElo "2230"]
[BlackElo "2038"]
[PlyCount "105"]
[EventDate "2024.06.10"]
[EventType "tourn"]
[EventRounds "9"]
[EventCountry "USA"]
[EventCategory "2"]
[SourceTitle "CBM 220 Extra"]
[Source "ChessBase"]
[SourceDate "2024.07.31"]
[SourceVersion "1"]
[SourceVersionDate "2024.07.31"]
[SourceQuality "1"]

1. d4 Nf6 2. c4 e6 3. g3 d5 4. Bg2 Bb4+ 5. Bd2 Be7 6. Nf3 0-0 7. 0-0 c6 8. Qc2 b6 9. Bf4 Nbd7 10. Rd1 Bb7 11. b3 Rc8 12. Nc3 Qe8 13. e4 Nxe4 14. Nxe4 dxe4 15. Qxe4 Nf6 16. Qe2 c5 17. Ne5 Bxg2 18. Kxg2 cxd4 19. Rxd4 Bc5 20. Rd3 h6 21. Qf3 Qe7 22. Rad1 a5 23. h4 Ba3 24. Nd7 Nxd7 25. Rxd7 Qf6 26. Be3 Qxf3+ 27. Kxf3 Bc5 28. Ra7 Ra8 29. Rdd7 Rxa7 30. Rxa7 Bxe3 31. Kxe3 Rc8 32. Kd3 Rc6 33. Rb7 g5 34. hxg5 hxg5 35. a3 Kg7 36. b4 axb4 37. axb4 Kg6 38. Rd7 Kf6 39. b5 Rc8 40. Kc3 Rb8 41. Kb4 e5 42. Rc7 Ke6 43. c5 bxc5+ 44. Kxc5 e4 45. b6 f5 46. Rc6+ Ke5 47. Rg6 Rc8+ 48. Kb5 Rc2 49. b7 Rb2+ 50. Kc6 g4 51. Kc7 e3 52. fxe3 Ke4 53. Rb6 1-0

[Event "Las Vegas 1000 GM June IM-C"]
[Site "Las Vegas"]
[Date "2024.06.12"]
[Round "5"]
[White "Yu, Jiangwei"]
[Black "Guo, Andrew"]
[Result "1/2-1/2"]
[WhiteElo "2291"]
[BlackElo "2230"]
[PlyCount "72"]
[EventDate "2024.06.10"]
[EventType "tourn"]
[EventRounds "9"]
[EventCountry "USA"]
[EventCategory "2"]
[SourceTitle "CBM 220 Extra"]
[Source "ChessBase"]
[SourceDate "2024.07.31"]
[SourceVersion "1"]
[SourceVersionDate "2024.07.31"]
[SourceQuality "1"]

1. d4 Nf6 2. c4 g6 3. Nc3 Bg7 4. e4 d6 5. Be2 0-0 6. Nf3 e5 7. 0-0 exd4 8. Nxd4 Re8 9. f3 c6 10. Nc2 Na6 11. Kh1 Nc7 12. Bg5 d5 13. cxd5 cxd5 14. Qe1 h6 15. Bh4 dxe4 16. fxe4 g5 17. Bg3 Nxe4 18. Nxe4 Rxe4 19. Rxf7 Ne6 20. Qf1 Rxe2 21. Rxg7+ Nxg7 22. Qxe2 Bf5 23. Rd1 Qe8 24. Qf2 Be4 25. Ne3 Rd8 26. Re1 Qe6 27. b3 h5 28. Nc4 h4 29. Be5 Qf5 30. Kg1 Qxf2+ 31. Kxf2 Rf8+ 32. Kg1 Bc6 33. Na5 Bd5 34. Rd1 Nf5 35. Bd6 Ne3 36. Bxf8 Nxd1 1/2-1/2

[Event "Las Vegas 1000 GM June IM-C"]
[Site "Las Vegas"]
[Date "2024.06.10"]
[Round "1"]
[White "Nagy, Gabor"]
[Black "Guo, Andrew"]
[Result "1/2-1/2"]
[WhiteElo "2448"]
[BlackElo "2230"]
[PlyCount "55"]
[EventDate "2024.06.10"]
[EventType "tourn"]
[EventRounds "9"]
[EventCountry "USA"]
[EventCategory "2"]
[SourceTitle "CBM 220 Extra"]
[Source "ChessBase"]
[SourceDate "2024.07.31"]
[SourceVersion "1"]
[SourceVersionDate "2024.07.31"]
[SourceQuality "1"]

1. c4 Nf6 2. d4 g6 3. g3 Bg7 4. Bg2 0-0 5. Nc3 d6 6. h3 Nc6 7. Nf3 e5 8. Be3 exd4 9. Nxd4 Bd7 10. 0-0 Re8 11. Qd2 Nxd4 12. Bxd4 Bc6 13. f3 a5 14. e4 Nd7 15. Bxg7 Kxg7 16. f4 Kg8 17. Kh2 Nc5 18. Rae1 Re7 19. Qd4 Qf8 20. e5 Rae8 21. Bxc6 bxc6 22. Rd1 Re6 23. exd6 Rxd6 24. Qg1 Ne4 25. Rxd6 Qxd6 26. Re1 f5 27. Qe3 Kf7 28. Re2 1/2-1/2

[Event "Las Vegas National op"]
[Site "Las Vegas"]
[Date "2024.06.07"]
[Round "2"]
[White "Guo, Andrew"]
[Black "Chasin, Nico Werner"]
[Result "0-1"]
[WhiteElo "2230"]
[BlackElo "2433"]
[PlyCount "70"]
[EventDate "2024.06.03"]
[EventType "swiss"]
[EventRounds "9"]
[EventCountry "USA"]
[SourceTitle "CBM 220 Extra"]
[Source "ChessBase"]
[SourceDate "2024.07.31"]
[SourceVersion "1"]
[SourceVersionDate "2024.07.31"]
[SourceQuality "1"]

1. d4 Nf6 2. c4 e6 3. g3 Bb4+ 4. Bd2 Be7 5. Bg2 d5 6. Nf3 0-0 7. 0-0 c6 8. Qc2 Nbd7 9. Bf4 a5 10. Rd1 a4 11. Ne5 Qa5 12. Nxd7 Bxd7 13. Nd2 Nh5 14. Be3 f5 15. Nf3 Bd6 16. Ne5 Be8 17. Bd2 Qc7 18. Nd3 Qe7 19. e3 g5 20. Ne5 Qg7 21. Bc3 Nf6 22. f3 h5 23. Qd2 Nd7 24. f4 h4 25. gxh4 gxf4 26. exf4 Bh5 27. Rf1 Kh7 28. Nxd7 Qxd7 29. c5 Be7 30. Qe3 Rf6 31. Be1 Rg8 32. Bg3 Rfg6 33. Kh1 Bd8 34. Bf3 Rxg3 35. hxg3 Rxg3 0-1